| 000 | 01626nam0a2200385 4500 | ||
|---|---|---|---|
| 001 | RU\NLR\bibl\514255 | ||
| 005 | 20250609143314.0 | ||
| 010 |
_a5-244-01004-2 _93000 |
||
| 021 |
_aRU _b2004-13086 _9670 |
||
| 035 | _a(NLR Aleph) 000506711 | ||
| 090 |
_a1207501 _c1207501 |
||
| 100 | _a20040422d2004 |||y0rusy50 ca | ||
| 101 | 0 | _arus | |
| 102 | _aRU | ||
| 105 | _ac ||||||||| | ||
| 200 | 1 |
_aРоссия и горцы Большого Кавказа на пути к цивилизации _fМарк Блиев |
|
| 210 |
_aМ. _cМысль _d2004 |
||
| 215 |
_a877, [1] с. _cпортр. _d25 |
||
| 300 | _aНа 2-й с. авт.: М. М. Блиев, д. ист. н., проф. | ||
| 320 | _aБиблиогр. в примеч.: с. 803-858 | ||
| 320 | _aИмен. указ.: с. 859-873 | ||
| 606 | 0 |
_aКавказская война _z1817 - 1864 _91242559 _3RU\NLR\auth\66507821 |
|
| 607 |
_aРоссия _xВзаимоотношения с Кавказом _92238184 _3RU\NLR\auth\661343135 |
||
| 607 |
_aРоссия _xВзаимоотношения _yКавказ _92202227 _3RU\NLR\auth\661323299 |
||
| 607 |
_aКавказ _xВзаимоотношения с Россией _92202232 _3RU\NLR\auth\661323302 |
||
| 607 |
_aКавказ _xВзаимоотношения _yРоссия _92202230 _3RU\NLR\auth\661323301 |
||
| 686 | _aТ3(2)47-691 | ||
| 700 | 1 |
_aБлиев _bМ. М. _f1929- _gМарк Максимович _4070 |
|
| 801 | 0 |
_aRU _bNLR _c20040422 _gPSBO |
|
| 801 | 1 |
_aRU _bNLR _c20040422 |
|
| 830 | _aАвт. по кн. | ||
| 942 | _cBOOK | ||
| 980 | _aNB | ||